Nr. 1 Hits in Deutschland 1993 - Statistiken

Allgemein
  • Dieses Quiz wurde 49 mal gespielt
  • Das Durchschnittsergebnis liegt bei 6 aus 9
Antwortstatistiken
Wochen auf Platz 1 Lied Interpret % Korrekt
6 Wochen I Will Always Love You Whitney Houston
91%
9 Wochen I’d Do Anything for Love(But I Won’t Do That) Meat Loaf
84%
8 Wochen All That She Wants Ace of Base
77%
10 Wochen What’s Up? 4 Non Blondes
74%
3 Wochen Go West Pet Shop Boys
72%
9 Wochen Mr. Vain Culture Beat
60%
7 Wochen Informer Snow
42%
1 Woche Would I Lie to You Charles & Eddie
30%
4 Wochen More and More Captain Hollywood Project
23%
Keine übereinstimmenden Quizze gefunden
Verteilung der Resultate
Anzahl Personen mit jedem Resultat
Perzentil nach korrekt beantworteten Fragen
Ihre Resultats-Entwicklung
Sie haben dieses Quiz noch nicht gespielt